000 00712nam a2200241 a 4500
005 20200104041507.0
008 140219b1995 ck ||||| |||| 00| 0 spa d
040 _aCO-BoIAVH
_cCO-BoIAVH
041 _aspa
044 _ack
090 _aLB
_b00159
111 _aForo Ecológico y Turístico Nacional
_cArmenia
_d1995
_942930
245 _aImportancia y utilidad de la guadua
260 _aArmenia
_bAlcaldía Municipal
_c1995
300 _a76 p.
650 _aUsos tradicionales
_942931
650 _aGuadua
_942932
650 _aConservación de biodiversidad
_9345
650 _aUso de biodiversidad
_9343
650 _aPlantas útiles
_942934
662 _aColombia
_dArmenia
_bQuindío
942 _cINFORME
_2z
999 _c179
_d179